1000 Yard Receivers NFL 2025-2026 - Statistics

General Stats
  • This quiz has been taken 364 times
  • The average score is 16 of 20
Answer Stats
Yards Player % Correct
1,793 Jaxon Smith-Njigba
99%
1,714 Puka Nacua
97%
1,401 Amon-Ra St. Brown
95%
1,003 A.J. Brown
92%
1,412 Ja'Marr Chase
92%
1,008 DeVonta Smith
91%
1,429 George Pickens
90%
1,077 CeeDee Lamb
89%
1,048 Justin Jefferson
89%
1,239 Trey McBride
77%
1,013 Stefon Diggs
76%
1,211 Zay Flowers
75%
1,014 Tetairoa McMillan
74%
1,117 Nico Collins
73%
1,163 Chris Olave
71%
1,117 Jameson Williams
69%
1,017 Courtland Sutton
67%
1,006 Michael Wilson
67%
1,014 Wan'Dale Robinson
65%
1,003 Alec Pierce
56%
No matching quizzes found
Score Distribution
Percent of People with Each Score
Percentile by Number Answered
Your Score History
You have not taken this quiz